000 01176nam0a22003011 4500
001 v19\rc\1565976
005 20260406061603.0
035 _a(NLR Aleph) 004696390
090 _a4005917
_c4005917
100 _a20061002d1891 |||y0rusy50 ca
101 0 _arus
102 _aRU
105 _ac z |||||
200 1 _aСказание о жизни и подвигах старца Феодора Кузьмича подвизавшегося в пределах Томской губернии с 1837 года по 1864 год
210 _aСанкт-Петербург
_cЕ. Захаров
_d1891
215 _a24 с., 1 л. фронт. (портр.)
_d21
300 _aЗагл. 2-3 изд.: Сказание о жизни и подвигах великого раба Божия старца...
702 0 _4570
_8rus
_7ca
_aФедор Кузьмич
_cстарец
_f-1864
_3RU\NLR\AUTH\7711798
_9121538
801 0 _aRU
_bNLR
_gpsbo
801 0 _aRU
_bRuMoRGB
_2psbo
801 1 _aRU
_bProSoft-M
_2rusmarc
852 _aNLR
_j18.295.1.107
899 _aRuMoRGB
_jA 174/506
899 _aБАН
899 _aНБ СПбГУ
942 _cBOOK
980 _aNB